000 00407nam a22001697a 4500
003 MPLRDC
005 20220104143827.0
008 210129b ||||| |||| 00| 0 eng d
082 _a857.621 FJ v.67 c.2
100 _a冯嘉
245 _a末日狂奔
_c
260 _a
_b环球出版社
_c1995
300 _b
490 _a奇侠司马洛
650 _a冒险小说
942 _cBK
_o857.621 FJ v.67 c.2
999 _c43734
_d43724